000 00506nam a2200181Ia 4500
003 GCL
008 140319s9999 xx 000 0 ara d
040 _aGCL /
_cGCL
082 0 4 _a614.59
_bع ل
100 1 _aعبدالمحسن صالح
245 1 0 _aلماذا نموت ? /
_cعبدالمحسن صالح
300 _a96 ص
490 _aالمكتبة الثقافية
_v0
650 0 4 _aالحياة الاخرى
650 0 4 _aالموت
650 0 4 _aالفقه الاسلامى
942 _2ddc
_cBK
999 _c38270
_d38270